[Event "Plancoet op-A 10th"]
[Site "Plancoet"]
[Date "2013.07.31"]
[Round "5"]
[White "Bleunven, Andre"]
[Black "Vovk, Yuri"]
[Result "0-1"]
[WhiteElo "2221"]
[BlackElo "2608"]
[PlyCount "110"]
[EventDate "2013.07.28"]
[EventType "swiss"]
[EventRounds "9"]
[EventCountry "FRA"]
[SourceTitle "EXT 2017"]
[Source "ChessBase"]
[SourceDate "2016.10.25"]
[SourceVersion "1"]
[SourceVersionDate "2016.10.25"]
[SourceQuality "1"]

1. d4 Nf6 2. c4 e6 3. Nc3 Bb4 4. e3 d5 5. cxd5 exd5 6. Bd3 0-0 7. Nge2 Re8 8. Bd2 Bd6 9. Rc1 c6 10. Ng3 Nbd7 11. 0-0 Nb6 12. f3 Be6 13. Nce2 h5 14. Re1 h4 15. Nf1 Bc7 16. b3 Nc8 17. Qc2 Nh5 18. e4 dxe4 19. fxe4 Bg4 20. Be3 Ne7 21. h3 Be6 22. Bg5 Qd7 23. Bxh4 Bxh3 24. Bxe7 Rxe7 25. gxh3 Qxh3 26. e5 Rxe5 27. dxe5 Bb6+ 28. Nd4 Bxd4+ 29. Ne3 Bxe3+ 30. Rxe3 Qxe3+ 31. Kh1 Nf4 32. Bc4 Rd8 33. Rf1 Rd2 34. Qf5 Nd5 35. Qxf7+ Kh7 36. Qf5+ Kh6 37. Rg1 Ne7 38. Qg4 g5 39. Bf1 Kg7 40. Bc4 b5 41. Bf1 Qxe5 42. Qh5 Qe4+ 43. Bg2 Qg6 44. Qg4 Qh6+ 45. Bh3 Rd3 46. Kh2 Qd6+ 47. Kh1 Ng6 48. Bg2 Rg3 49. Qe4 Nf4 50. Rf1 Qh6+ 51. Kg1 Nh3+ 52. Kh2 Nf2+ 53. Kxg3 Nxe4+ 54. Bxe4 Qh4+ 55. Kf3 Qf4+ 0-1

[Event "FRA-ch Accession"]
[Site "Caen"]
[Date "2011.08.17"]
[Round "2"]
[White "Benitah, Yohan"]
[Black "Bleunven, Andre"]
[Result "1-0"]
[WhiteElo "2392"]
[BlackElo "2226"]
[PlyCount "85"]
[EventDate "2011.08.16"]
[EventType "swiss"]
[EventRounds "11"]
[EventCountry "FRA"]
[SourceTitle "CBM 144 Extra"]
[Source "ChessBase"]
[SourceDate "2011.10.28"]
[SourceVersion "1"]
[SourceVersionDate "2011.10.28"]
[SourceQuality "1"]

1. d4 Nf6 2. c4 g6 3. Nc3 Bg7 4. e4 d6 5. Nf3 0-0 6. Be2 e5 7. 0-0 Nc6 8. d5 Ne7 9. Ne1 Nd7 10. Nd3 f5 11. f3 Kh8 12. Be3 Ng8 13. Qd2 Ndf6 14. c5 h5 15. Rac1 f4 16. Bf2 Ne8 17. cxd6 Nxd6 18. Nc5 Qe8 19. Rfd1 Nf6 20. Bh4 Rf7 21. b3 a6 22. a4 Kh7 23. a5 Kh6 24. Bf2 g5 25. g3 Kh7 26. gxf4 gxf4 27. Kh1 Qe7 28. Rg1 Nfe8 29. N3a4 Bf6 30. Qe1 Nb5 31. Ne6 Ned6 32. Nac5 b6 33. axb6 cxb6 34. Na4 Bxe6 35. dxe6 Qxe6 36. Nxb6 Rb8 37. Nd5 Bd8 38. Rc6 Ra8 39. Qf1 Qd7 40. Bxb5 Nxb5 41. Qg2 Rg7 42. Rg6 Rxg6 43. Qxg6+ 1-0

[Event "FRA-chT2 0910"]
[Site "France"]
[Date "2010.03.14"]
[Round "9.1"]
[White "Navrotescu, Catalin"]
[Black "Bleunven, Andre"]
[Result "1-0"]
[WhiteElo "2438"]
[BlackElo "2269"]
[PlyCount "73"]
[EventDate "2009.09.27"]
[EventType "team-tourn"]
[EventRounds "11"]
[EventCountry "FRA"]
[SourceTitle "EXT 2011"]
[Source "ChessBase"]
[SourceDate "2010.11.26"]
[SourceVersion "1"]
[SourceVersionDate "2010.11.26"]
[SourceQuality "1"]

1. c4 Nf6 2. Nc3 c5 3. Nf3 e6 4. e3 d5 5. d4 a6 6. cxd5 exd5 7. Be2 Nc6 8. 0-0 Bd6 9. dxc5 Bxc5 10. a3 0-0 11. b4 Ba7 12. Bb2 Re8 13. Rc1 Qd6 14. b5 Na5 15. Qa4 Bb6 16. bxa6 bxa6 17. Nxd5 Qxd5 18. Bxf6 Bd7 19. Qb4 Rab8 20. Rfd1 Qf5 21. Be5 Bc7 22. Rxc7 Rxb4 23. axb4 Nc6 24. Bg3 Nb8 25. Rb7 Ba4 26. Ra1 Qc2 27. Nd4 Qc3 28. Rxa4 Nc6 29. Rc7 Qe1+ 30. Bf1 Qd1 31. Rxa6 Nxd4 32. exd4 h6 33. Be5 f6 34. Raa7 fxe5 35. Rxg7+ Kh8 36. dxe5 Ra8 37. Rad7 1-0

[Event "FRA-chT2 0910"]
[Site "France"]
[Date "2010.01.24"]
[Round "7.1"]
[White "Bleunven, Andre"]
[Black "Monroy, Charles"]
[Result "0-1"]
[WhiteElo "2273"]
[BlackElo "2433"]
[PlyCount "72"]
[EventDate "2009.09.27"]
[EventType "team-tourn"]
[EventRounds "11"]
[EventCountry "FRA"]
[SourceTitle "EXT 2011"]
[Source "ChessBase"]
[SourceDate "2010.11.26"]
[SourceVersion "1"]
[SourceVersionDate "2010.11.26"]
[SourceQuality "1"]

1. d4 Nf6 2. Bg5 e6 3. e3 c5 4. c3 b6 5. Nd2 Bb7 6. Ngf3 Be7 7. Bd3 d5 8. Bxf6 Bxf6 9. Qe2 Nc6 10. dxc5 bxc5 11. e4 0-0 12. e5 Be7 13. h4 h6 14. 0-0-0 Qa5 15. Bb1 Ba6 16. Qe3 c4 17. Nf1 Rab8 18. Re1 Bc5 19. Qd2 Ba3 20. Qc2 Bxb2+ 21. Kd1 f5 22. exf6 Rxf6 23. Qh7+ Kf8 24. Qh8+ Kf7 25. Ne5+ Nxe5 26. Qxb8 Bxc3 27. Rxe5 Bxe5 28. Qxe5 Qb6 29. Nd2 Rxf2 30. h5 d4 31. Bg6+ Kg8 32. Nf3 c3 33. Re1 Bc4 34. Qf4 c2+ 35. Bxc2 d3 36. Qxc4 dxc2+ 0-1

[Event "FRA-chT2 0910"]
[Site "France"]
[Date "2009.12.12"]
[Round "5.1"]
[White "Bleunven, Andre"]
[Black "Gillet, Richard"]
[Result "1-0"]
[WhiteElo "2277"]
[BlackElo "2087"]
[PlyCount "75"]
[EventDate "2009.09.27"]
[EventType "team-tourn"]
[EventRounds "11"]
[EventCountry "FRA"]
[SourceTitle "EXT 2011"]
[Source "ChessBase"]
[SourceDate "2010.11.26"]
[SourceVersion "1"]
[SourceVersionDate "2010.11.26"]
[SourceQuality "1"]

1. d4 Nf6 2. Nf3 e6 3. c4 c5 4. d5 d6 5. Nc3 exd5 6. cxd5 g6 7. e4 Bg7 8. Be2 0-0 9. 0-0 Re8 10. Nd2 Nbd7 11. Qc2 Ne5 12. f4 Neg4 13. Nf3 c4 14. Bxc4 Qc7 15. Bd3 b5 16. Re1 Qb6+ 17. Kf1 Bd7 18. Nd1 b4 19. Be3 Nxe3+ 20. Nxe3 Bb5 21. Nc4 Bxc4 22. Bxc4 Rac8 23. Rac1 Ng4 24. Qd2 Bc3 25. bxc3 Rxc4 26. cxb4 Rxb4 27. Rc6 Qb8 28. Qc3 Rb1 29. h3 Qb5+ 30. Kg1 Rxe1+ 31. Nxe1 Nh6 32. Rxd6 Qb1 33. e5 Qxa2 34. Rd7 Nf5 35. g4 Ne7 36. e6 fxe6 37. d6 Rc8 38. dxe7 1-0

[Event "FRA-chT2 0910"]
[Site "France"]
[Date "2009.11.22"]
[Round "4.1"]
[White "Bleunven, Andre"]
[Black "Delaunay, Sebastien"]
[Result "1/2-1/2"]
[WhiteElo "2277"]
[BlackElo "2350"]
[PlyCount "104"]
[EventDate "2009.09.27"]
[EventType "team-tourn"]
[EventRounds "11"]
[EventCountry "FRA"]
[SourceTitle "EXT 2011"]
[Source "ChessBase"]
[SourceDate "2010.11.26"]
[SourceVersion "1"]
[SourceVersionDate "2010.11.26"]
[SourceQuality "1"]

1. d4 f5 2. g3 Nf6 3. Bg2 g6 4. Nf3 Bg7 5. c4 0-0 6. 0-0 d6 7. Nc3 Nc6 8. d5 Na5 9. Qa4 b6 10. Nd4 Bd7 11. Qb4 Ne4 12. Nxe4 Bxd4 13. Ng5 Rc8 14. Rb1 Qe8 15. b3 c5 16. dxc6 Nxc6 17. Qd2 Bf6 18. Bb2 Bxb2 19. Rxb2 Rf6 20. Nf3 Qf8 21. Nd4 Nxd4 22. Qxd4 Qg7 23. Qd5+ Rf7 24. Rd2 Rc7 25. Qd3 Rf8 26. e3 Qf6 27. h4 Kg7 28. Re1 h6 29. Qd4 g5 30. Qxf6+ Kxf6 31. hxg5+ hxg5 32. e4 fxe4 33. Bxe4 b5 34. cxb5 Bxb5 35. Bd5 Bd7 36. Rde2 Bf5 37. Be6 Bg6 38. Bc4 Bf5 39. f3 Rh8 40. Kg2 Rh7 41. Be6 Bd3 42. Rd2 Bf5 43. Bxf5 Kxf5 44. g4+ Kf6 45. Rd5 Rg7 46. Rf5+ Kg6 47. Re6+ Kh7 48. Kg3 Rd7 49. Re1 Kg6 50. Re6+ Kh7 51. Re1 Kg6 52. Re6+ Kh7 1/2-1/2

[Event "FRA-chT2 West 0809"]
[Site "France"]
[Date "2009.01.18"]
[Round "6.1"]
[White "Roser, Kevin"]
[Black "Bleunven, Andre"]
[Result "1-0"]
[WhiteElo "2428"]
[BlackElo "2267"]
[PlyCount "63"]
[EventDate "2008.10.19"]
[EventType "team-tourn"]
[EventRounds "11"]
[EventCountry "FRA"]
[SourceTitle "EXT 2010"]
[Source "ChessBase"]
[SourceDate "2010.11.25"]
[SourceVersion "1"]
[SourceVersionDate "2010.11.25"]
[SourceQuality "1"]
[WhiteTeam "Issy les Moulineaux"]
[BlackTeam "Quimper"]
[WhiteTeamCountry "FRA"]
[BlackTeamCountry "FRA"]

1. e4 c5 2. Nf3 e6 3. d4 cxd4 4. Nxd4 Nc6 5. Nc3 d6 6. Be3 Nf6 7. Bc4 a6 8. Bb3 Na5 9. Qe2 b5 10. f3 Bb7 11. g4 Nxb3 12. axb3 Be7 13. 0-0-0 Qa5 14. Kb1 b4 15. Na4 Nd7 16. h4 Nc5 17. g5 Nxa4 18. bxa4 Qxa4 19. h5 0-0 20. g6 Bf6 21. h6 fxg6 22. hxg7 Rfe8 23. Qh2 h5 24. Qg2 Bxd4 25. Bxd4 b3 26. cxb3 Qxb3 27. Bc3 Rec8 28. Rc1 Rab8 29. Rh2 Kf7 30. Rg1 Rxc3 31. Qxg6+ Ke7 32. g8Q 1-0

[Event "FRA-chT2 West 0809"]
[Site "France"]
[Date "2008.11.22"]
[Round "2.1"]
[White "Bleunven, Andre"]
[Black "Boudre, Jean Pierre"]
[Result "1/2-1/2"]
[WhiteElo "2267"]
[BlackElo "2335"]
[PlyCount "73"]
[EventDate "2008.10.19"]
[EventType "team-tourn"]
[EventRounds "11"]
[EventCountry "FRA"]
[SourceTitle "EXT 2010"]
[Source "ChessBase"]
[SourceDate "2010.11.25"]
[SourceVersion "1"]
[SourceVersionDate "2010.11.25"]
[SourceQuality "1"]
[WhiteTeam "Quimper"]
[BlackTeam "Echiquier Bordelais"]
[WhiteTeamCountry "FRA"]
[BlackTeamCountry "FRA"]

1. d4 d5 2. Nf3 Nf6 3. c4 c6 4. e3 Bg4 5. Nc3 e6 6. h3 Bxf3 7. Qxf3 Nbd7 8. Bd3 Bd6 9. 0-0 0-0 10. Rd1 Qe7 11. e4 dxe4 12. Nxe4 Nxe4 13. Qxe4 f5 14. Qe2 e5 15. c5 Bc7 16. b4 e4 17. Bc4+ Kh8 18. d5 cxd5 19. Bxd5 Nf6 20. Bb2 Rae8 21. Bxb7 Bb8 22. Bc6 Rc8 23. b5 Qxc5 24. a4 Qe7 25. Ba3 Qe5 26. g3 Rfd8 27. Rxd8+ Rxd8 28. Rd1 Rxd1+ 29. Qxd1 Bc7 30. Qd2 Bb6 31. Kg2 e3 32. fxe3 Ne4 33. Bxe4 Qxe4+ 34. Kh2 Qxa4 35. Qc3 Qd1 36. Bb2 Qd7 37. Qe1 1/2-1/2

[Event "FRA-chT2 West 0708"]
[Site "France"]
[Date "2007.12.16"]
[Round "4.1"]
[White "Pham, Minh Hoang"]
[Black "Bleunven, Andre"]
[Result "1-0"]
[WhiteElo "2475"]
[BlackElo "2271"]
[PlyCount "85"]
[EventDate "2007.10.21"]
[EventType "team"]
[EventRounds "11"]
[EventCountry "FRA"]
[SourceTitle "EXT 2009"]
[Source "ChessBase"]
[SourceDate "2008.11.26"]
[SourceVersion "1"]
[SourceVersionDate "2008.11.26"]
[SourceQuality "1"]
[WhiteTeam "Sautron"]
[BlackTeam "Quimper"]
[WhiteTeamCountry "FRA"]
[BlackTeamCountry "FRA"]

1. d4 Nf6 2. c4 e6 3. Nc3 Bb4 4. e3 b6 5. Nge2 Ba6 6. a3 Bxc3+ 7. Nxc3 d5 8. b3 0-0 9. Be2 Nc6 10. 0-0 dxc4 11. Rb1 Nd5 12. Bd2 Nxc3 13. Bxc3 Qd6 14. bxc4 Qxa3 15. Qc2 Qe7 16. d5 exd5 17. cxd5 Bxe2 18. Qxe2 Qc5 19. Qb2 Qxd5 20. Bxg7 Rfe8 21. f4 Re6 22. Bh8 Rg6 23. f5 Rg5 24. h4 Rg3 25. Kh2 Rg4 26. Rf4 Rxg2+ 27. Qxg2+ Qxg2+ 28. Kxg2 Kxh8 29. Rc1 Ne7 30. Rd1 c6 31. e4 c5 32. Rd7 Nc6 33. Rxf7 Rg8+ 34. Kf1 c4 35. f6 b5 36. Rf5 Nd8 37. Rxa7 c3 38. Rh5 Rg4 39. Rhxh7+ Kg8 40. f7+ Nxf7 41. Rhxf7 b4 42. Rfc7 Rf4+ 43. Kg2 1-0

[Event "FRA-ch Accession"]
[Site "Aix les Bains"]
[Date "2007.08.22"]
[Round "9"]
[White "Bleunven, Andre"]
[Black "Bissieres, Mathieu"]
[Result "1/2-1/2"]
[WhiteElo "2290"]
[BlackElo "2221"]
[PlyCount "37"]
[EventDate "2007.08.13"]
[EventType "swiss"]
[EventRounds "11"]
[EventCountry "FRA"]
[SourceTitle "CBM 120 Extra"]
[Source "ChessBase"]
[SourceDate "2007.11.01"]
[SourceVersion "1"]
[SourceVersionDate "2007.11.01"]
[SourceQuality "1"]

1. d4 d6 2. Nf3 Nf6 3. c4 g6 4. Nc3 Bg7 5. e4 0-0 6. Be2 e5 7. Be3 Ng4 8. Bg5 f6 9. Bh4 g5 10. Bg3 Nh6 11. d5 f5 12. exf5 Nxf5 13. Nd2 c5 14. Nde4 h6 15. Qd2 Nd7 16. f3 a6 17. Bf2 Nf6 18. Nxf6+ Qxf6 19. Bd3 1/2-1/2

[Event "FRA-chT3 Gr06 0607"]
[Site "France"]
[Date "2006.11.25"]
[Round "2.1"]
[White "Bleunven, Andre"]
[Black "Tripoteau, Nicolas"]
[Result "1/2-1/2"]
[WhiteElo "2298"]
[BlackElo "2282"]
[PlyCount "116"]
[EventDate "2006.10.15"]
[EventType "team"]
[EventRounds "9"]
[EventCountry "FRA"]
[SourceTitle "EXT 2008"]
[Source "ChessBase"]
[SourceDate "2007.11.25"]
[SourceVersion "1"]
[SourceVersionDate "2007.11.25"]
[SourceQuality "1"]
[WhiteTeam "Quimper"]
[BlackTeam "Arradon"]
[WhiteTeamCountry "FRA"]
[BlackTeamCountry "FRA"]

1. d4 Nf6 2. Nf3 c5 3. d5 b5 4. Bg5 Ne4 5. Bh4 Bb7 6. e3 Qa5+ 7. c3 Na6 8. Nbd2 Nxd2 9. Qxd2 Qa4 10. Bd3 e6 11. dxe6 fxe6 12. Bc2 Qc4 13. Bb3 Qe4 14. 0-0-0 d6 15. Qe2 Nc7 16. h3 Qg6 17. Ng5 0-0-0 18. Qg4 Be7 19. Bc2 h5 20. Qg3 Qe8 21. Ne4 d5 22. Bxe7 Qxe7 23. Ng5 e5 24. h4 e4 25. Rhe1 Kb8 26. Nh3 b4 27. cxb4 c4 28. a3 a5 29. bxa5 Ka7 30. Qg5 Qc5 31. Qxg7 Qxa5 32. Qc3 Qxc3 33. bxc3 Rdf8 34. Nf4 Ra8 35. Rd2 Kb6 36. Kb2 Rhb8 37. Rb1 Kc5 38. a4 Bc6+ 39. Kc1 Rxb1+ 40. Kxb1 Bxa4 41. Bxa4 Rxa4 42. Ra2 Nb5 43. Rxa4 Nxc3+ 44. Kc2 Nxa4 45. Nxh5 d4 46. exd4+ Kxd4 47. Nf6 Ke5 48. Ng4+ Kf4 49. Ne3 Nc5 50. Kd2 Nd3 51. Ke2 Nb2 52. g3+ Ke5 53. h5 c3 54. f4+ exf3+ 55. Kxf3 Kf6 56. g4 Nd3 57. Ke2 Ne5 58. Kd1 Kg5 1/2-1/2

[Event "FRA-chT3 Gr06 0607"]
[Site "France"]
[Date "2006.10.15"]
[Round "1.1"]
[White "Caroff, Frederic"]
[Black "Bleunven, Andre"]
[Result "1/2-1/2"]
[WhiteElo "2057"]
[BlackElo "2298"]
[PlyCount "40"]
[EventDate "2006.10.15"]
[EventType "team"]
[EventRounds "9"]
[EventCountry "FRA"]
[SourceTitle "EXT 2008"]
[Source "ChessBase"]
[SourceDate "2007.11.25"]
[SourceVersion "1"]
[SourceVersionDate "2007.11.25"]
[SourceQuality "1"]
[WhiteTeam "Lesneven"]
[BlackTeam "Quimper"]
[WhiteTeamCountry "FRA"]
[BlackTeamCountry "FRA"]

1. e4 c5 2. Nf3 e6 3. d4 cxd4 4. Nxd4 a6 5. Bd3 Bc5 6. Nb3 Ba7 7. Qe2 Nc6 8. Be3 d6 9. a4 Bxe3 10. Qxe3 Nf6 11. a5 0-0 12. N1d2 e5 13. 0-0 d5 14. c3 dxe4 15. Bxe4 Nxe4 16. Nxe4 Qc7 17. Qb6 Qe7 18. Rfd1 Bf5 19. Nbc5 Rad8 20. Ng3 Bc8 1/2-1/2

[Event "FRA-ch Accession"]
[Site "Besancon"]
[Date "2006.08.22"]
[Round "7"]
[White "Bleunven, Andre"]
[Black "Riff, Vincent"]
[Result "1/2-1/2"]
[WhiteElo "2276"]
[BlackElo "2328"]
[PlyCount "31"]
[EventDate "2006.08.15"]
[EventType "swiss"]
[EventRounds "10"]
[EventCountry "FRA"]
[SourceTitle "CBM 113 Extra"]
[Source "ChessBase"]
[SourceDate "2006.09.14"]
[SourceVersion "1"]
[SourceVersionDate "2006.09.14"]
[SourceQuality "1"]

1. d4 Nf6 2. Nf3 d5 3. c4 c6 4. e3 a6 5. Bd3 g6 6. 0-0 Bg7 7. Nc3 0-0 8. Bd2 Be6 9. cxd5 cxd5 10. Qb3 Bc8 11. Rfc1 Nc6 12. Na4 Qd6 13. Nb6 Rb8 14. Qa3 Qd8 15. Qb3 Qd6 16. Qa3 1/2-1/2

[Event "FRA-ch Accession"]
[Site "Besancon"]
[Date "2006.08.19"]
[Round "5"]
[White "David, Vincent"]
[Black "Bleunven, Andre"]
[Result "0-1"]
[WhiteElo "2327"]
[BlackElo "2276"]
[PlyCount "94"]
[EventDate "2006.08.15"]
[EventType "swiss"]
[EventRounds "10"]
[EventCountry "FRA"]
[SourceTitle "CBM 113 Extra"]
[Source "ChessBase"]
[SourceDate "2006.09.14"]
[SourceVersion "1"]
[SourceVersionDate "2006.09.14"]
[SourceQuality "1"]

1. d4 Nf6 2. c4 e6 3. Nf3 c5 4. Nc3 cxd4 5. Nxd4 Bb4 6. Ndb5 d5 7. cxd5 exd5 8. a3 Bxc3+ 9. Nxc3 d4 10. Nb1 0-0 11. g3 Qd5 12. f3 Nc6 13. Bg2 Qh5 14. 0-0 Bh3 15. e4 dxe3 16. Bxe3 Qe5 17. Qc1 Nd4 18. Bxd4 Qxd4+ 19. Kh1 Bxg2+ 20. Kxg2 Nd5 21. Rf2 Ne3+ 22. Kh1 Nc4 23. Qc2 Rac8 24. Nc3 Nxb2 25. Qxb2 Rxc3 26. Kg2 b6 27. a4 a5 28. Ra3 Rc4 29. Qxd4 Rxd4 30. Rb2 Rc8 31. Rab3 Rxa4 32. Rxb6 g6 33. g4 Rc3 34. Rf6 Kg7 35. g5 Rc7 36. Kg3 h6 37. h4 hxg5 38. hxg5 Rd4 39. Rb3 Ra7 40. Ra3 a4 41. Rf4 Rxf4 42. Kxf4 Kf8 43. Ke4 Ke7 44. Kd5 Ra5+ 45. Kc6 Rxg5 46. Rxa4 Rf5 47. Re4+ Kf6 0-1

[Event "FRA-chT3 Gr5 "]
[Site "Bretagne"]
[Date "2006.??.??"]
[Round "8.1"]
[White "Bleunven, Andre"]
[Black "Trovalet, Sylvain"]
[Result "1/2-1/2"]
[WhiteElo "2282"]
[BlackElo "2100"]
[PlyCount "127"]
[EventDate "2006.??.??"]
[EventType "team"]
[EventRounds "9"]
[EventCountry "FRA"]
[SourceTitle "EXT 2007"]
[Source "ChessBase"]
[SourceDate "2006.11.23"]
[SourceVersion "1"]
[SourceVersionDate "2006.11.23"]
[SourceQuality "1"]
[WhiteTeam "Quimper"]
[BlackTeam "Fouesnant"]
[WhiteTeamCountry "FRA"]
[BlackTeamCountry "FRA"]

1. d4 g6 2. e4 Bg7 3. Nf3 d6 4. Nc3 Nf6 5. Be3 c6 6. Qd2 0-0 7. Bh6 Nbd7 8. Bxg7 Kxg7 9. 0-0-0 Qa5 10. Kb1 Nb6 11. h3 Be6 12. a3 Bc4 13. e5 Nfd5 14. Ne4 Qxd2 15. Nexd2 Bxf1 16. Rdxf1 Rad8 17. c4 Nc7 18. exd6 exd6 19. Kc2 d5 20. c5 Nd7 21. Re1 Rfe8 22. g3 Ne6 23. Re3 b6 24. b4 a5 25. cxb6 axb4 26. axb4 Rb8 27. Ra1 Nxb6 28. Ra6 Nc8 29. Rb3 Rb6 30. Rxb6 Nxb6 31. Rc3 Rc8 32. Kd3 f6 33. Ra3 Kf7 34. Ra6 Rb8 35. Ra7+ Kg8 36. Re7 Nf8 37. Nb3 Na4 38. Na5 Rxb4 39. Nxc6 Rb3+ 40. Ke2 Nc3+ 41. Kf1 Ne4 42. Ne1 Rb6 43. Rc7 Rb2 44. Ne7+ Kh8 45. Nc2 Ne6 46. Rc8+ Kg7 47. Nxd5 Nxd4 48. Nxd4 Rxf2+ 49. Kg1 Rd2 50. Ne6+ Kh6 51. Ne3 Nxg3 52. Ng4+ Kh5 53. Nxf6+ Kh6 54. Ng4+ Kh5 55. Rc5+ Kh4 56. Nf2 Nf5 57. Rc7 h6 58. Rc4+ Kh5 59. Nf4+ Kh4 60. Nxg6+ Kh5 61. Nf4+ Kh4 62. Ng6+ Kh5 63. Nf4+ Kh4 64. Ng6+ 1/2-1/2

[Event "Finistere-ch 0405"]
[Site "Finistere"]
[Date "2004.12.18"]
[Round "3"]
[White "Entem, Alan"]
[Black "Bleunven, Andre"]
[Result "1-0"]
[WhiteElo "2087"]
[BlackElo "2249"]
[PlyCount "43"]
[EventDate "2004.12.10"]
[EventType "tourn"]
[EventRounds "7"]
[EventCountry "FRA"]
[SourceTitle "EXT 2007"]
[Source "ChessBase"]
[SourceDate "2006.11.23"]
[SourceVersion "1"]
[SourceVersionDate "2006.11.23"]
[SourceQuality "1"]

1. e4 c5 2. Nf3 e6 3. d4 cxd4 4. Nxd4 a6 5. Be2 b5 6. Nc3 Bb7 7. 0-0 b4 8. Na4 Bxe4 9. Be3 d5 10. c4 Nf6 11. c5 e5 12. Nf3 Nc6 13. Nb6 Ra7 14. Qa4 d4 15. Nxe5 Rc7 16. Bf3 Bxf3 17. gxf3 dxe3 18. Nxc6 Qd3 19. Rad1 Qg6+ 20. Kh1 Nd7 21. Rxd7 Qxc6 22. Rxc7 1-0

[Event "FRA-chT3 0405"]
[Site "France"]
[Date "2004.10.10"]
[Round "1.1"]
[White "Bleunven, Andre"]
[Black "Rispoli, Rodolphe"]
[Result "1-0"]
[WhiteElo "2249"]
[BlackElo "2019"]
[PlyCount "57"]
[EventDate "2004.10.10"]
[EventType "team"]
[EventRounds "9"]
[EventCountry "FRA"]
[SourceTitle "EXT 2007"]
[Source "ChessBase"]
[SourceDate "2006.11.23"]
[SourceVersion "1"]
[SourceVersionDate "2006.11.23"]
[SourceQuality "1"]

1. d4 e6 2. c4 f5 3. Nf3 Nf6 4. g3 d5 5. Bg2 c6 6. 0-0 Bd6 7. b3 0-0 8. Ba3 Na6 9. Bxd6 Qxd6 10. a3 Bd7 11. Ne5 Ng4 12. Nxg4 fxg4 13. Nc3 Nc7 14. e4 h5 15. Re1 Rf7 16. Ra2 b6 17. exd5 exd5 18. cxd5 cxd5 19. Re5 Bc6 20. Rxh5 Qg6 21. Re5 Raf8 22. Rae2 Rf3 23. Bxf3 gxf3 24. R2e3 Qf6 25. h4 g6 26. h5 g5 27. Re7 Nb5 28. Qd3 Rf7 29. Rxf7 1-0